| 000 | 00794 a2200205 4500 | ||
|---|---|---|---|
| 005 | 20180626110651.0 | ||
| 010 | _a1718EN-30 B-687411-435 | ||
| 020 |
_c275.00 _a9798183820331 |
||
| 035 | _aB-687411-435 | ||
| 037 | _bUppal | ||
| 082 | _a613.7046 | ||
| 100 | _aSuman, Krishan Kumar | ||
| 245 |
_aYoga therapy / _cby Krishan Kumar Suman [and] V.K. Ahluwalia |
||
| 260 |
_aNew Delhi _bLotus Press, _c2017 |
||
| 270 |
_a4735/22, Prakash Deep Building,Ansari Road, Darya Ganj, _bNew Delhi _e110002 |
||
| 300 |
_a243p. _c21 cm ( pbk.) _bphotos |
||
| 700 | _aAhluwalia, V.K. | ||
| 942 |
_adpl _cEN _2ddc _h613.7046 _mSUM |
||
| 999 |
_c145931 _d145931 |
||